000
00300nam a2200109Ia 4500
008
220620s9999||||xx |||||||||||||| ||und||
100
_a
Tiley, John
245
0
_a
Studies in the History of Tax Law, Volume 6
546
_a
English[eng]
650
_a
history of law||income tax law||tax law
942
_c
EB
999
_c
30679
_d
30679